[Event "17th Dubai Chess Open"]
[Site "Dubai UAE"]
[Date "2015.04.11"]
[Round "6.34"]
[White "Grover, Sahaj"]
[Black "Bashirli, Nail"]
[Result "1-0"]
[WhiteTitle "GM"]
[BlackTitle "FM"]
[WhiteElo "2519"]
[BlackElo "2312"]
[WhiteFideId "5021103"]
[BlackFideId "13406809"]
[EventDate "2015.04.06"]

1. e4 c5 2. Nc3 Nc6 3. Nf3 Nd4 4. Bc4 g6 5. Nxd4 cxd4 6. Qf3 Nh6 7. Ne2 Bg7 8.
d3 O-O 9. Nxd4 Ng4 10. Bb3 d5 11. Ne2 dxe4 12. dxe4 a5 13. a4 Ra6 14. h3 Rf6 15.
Bf4 Nxf2 16. Qxf2 g5 17. Rd1 Qe8 18. e5 Rf5 19. g4 Rxf4 20. Nxf4 gxf4 21. Qxf4
b6 22. Qe4 e6 23. c3 Qe7 24. Bc2 Qh4+ 25. Ke2 f5 26. exf6 Bxf6 27. Rhf1 Kg7 28.
Rf3 Rf7 29. Qxh7+ Qxh7 30. Bxh7 Bb7 31. Rxf6 Kxf6 32. Rf1+ Kg7 33. Rxf7+ Kxf7
34. h4 Kf6 35. g5+ 1-0

[Event "17th Dubai Chess Open"]
[Site "Dubai UAE"]
[Date "2015.04.11"]
[Round "6.35"]
[White "Abdelnabbi, Imed"]
[Black "Mamedjarova, Zeinab"]
[Result "1-0"]
[WhiteTitle "IM"]
[BlackTitle "WGM"]
[WhiteElo "2433"]
[BlackElo "2303"]
[WhiteFideId "10600035"]
[BlackFideId "13401521"]
[EventDate "2015.04.06"]

1. e4 d6 2. d4 Nd7 3. Nc3 e5 4. Nge2 Ngf6 5. g3 Be7 6. Bg2 O-O 7. O-O Re8 8. h3
Bf8 9. g4 exd4 10. Nxd4 Nc5 11. Re1 g6 12. Bg5 Ne6 13. Nxe6 Bxe6 14. e5 1-0

[Event "17th Dubai Chess Open"]
[Site "Dubai UAE"]
[Date "2015.04.11"]
[Round "6.36"]
[White "Rowe, Duane"]
[Black "Karavade, Eesha"]
[Result "0-1"]
[WhiteTitle "CM"]
[BlackTitle "IM"]
[WhiteElo "2214"]
[BlackElo "2405"]
[WhiteFideId "7400268"]
[BlackFideId "5012600"]
[EventDate "2015.04.06"]

1. e4 c5 2. d4 cxd4 3. c3 Nf6 4. e5 Nd5 5. Qxd4 e6 6. Nf3 Nc6 7. Qe4 f5 8. Qe2
Qc7 9. g3 Nde7 10. Na3 Ng6 11. Nb5 Qb8 12. Bf4 a6 13. Nbd4 Nxd4 14. Nxd4 b6 15.
O-O-O Bb7 16. Rg1 Qc7 17. Kb1 Be7 18. h4 Bxh4 19. Be3 Be7 20. f4 Be4+ 21. Ka1
Qb7 22. Qf2 Rc8 23. Be2 b5 24. Qf1 Bc5 25. Bh5 Qc7 26. Qh3 O-O 27. g4 fxg4 28.
Rxg4 Bxd4 29. Rxd4 Bf5 30. Bxg6 hxg6 31. Qg2 Bxg4 32. Qxg4 Qb7 33. Qd1 Rf7 34.
a3 Rc5 35. Rd2 Rd5 36. Bd4 Rxf4 37. Qg1 Qc8 38. Rd1 Qe8 39. Ka2 Rf5 40. Qh1 Qc8
41. Qg2 g5 42. Qg4 Qc4+ 43. b3 Qc6 44. Rd2 a5 45. Rh2 a4 46. Qh5 axb3+ 47. Kb2
Rxd4 48. cxd4 Qd5 49. Rd2 Qc6 50. Qe8+ Rf8 51. Qg6 Rc8 52. Qd3 Qc4 53. Qxc4 bxc4
54. Kc3 Ra8 55. Kxc4 Rxa3 56. Rb2 g4 57. Kd3 g3 58. Ke3 g2 59. Rb1 b2+ 0-1

[Event "17th Dubai Chess Open"]
[Site "Dubai UAE"]
[Date "2015.04.11"]
[Round "6.37"]
[White "Mosadeghpour, Masoud"]
[Black "Kuznetsov, Mikhail V."]
[Result "0-1"]
[WhiteElo "2371"]
[BlackElo "2260"]
[WhiteFideId "12519278"]
[BlackFideId "4194900"]
[EventDate "2015.04.06"]

1. Nf3 Nf6 2. g3 d5 3. Bg2 c6 4. O-O Bf5 5. c4 e6 6. Qb3 Qb6 7. d3 Nbd7 8. Be3
Bc5 9. Bxc5 Nxc5 10. Qxb6 axb6 11. Nbd2 h6 12. Nd4 Bh7 13. b4 Na4 14. Rfc1 O-O
15. f4 Rfd8 16. c5 bxc5 17. bxc5 Nd7 18. N2b3 e5 19. fxe5 Nxe5 20. Bh3 Re8 21.
Nd2 Re7 22. Rab1 Ra5 23. N2b3 Ra7 24. Kg2 g6 25. Kf1 f5 26. Kg2 Kg7 27. Rc2 h5
28. Rf1 Ra8 29. Kg1 Kh6 30. Rf4 Nd7 31. Bf1 Nf6 32. Bh3 Kg7 33. Nf3 Bg8 34. Rb4
Be6 35. Nc1 Bc8 36. Nb3 Nd7 37. Kf2 Kf6 38. Bg2 g5 39. Kf1 Nf8 40. h4 g4 41.
Nfd2 Ng6 42. e4 dxe4 43. dxe4 f4 44. Kf2 f3 45. Bf1 Be6 46. Nd4 Ne5 47. Nxe6
Kxe6 48. Nc4 Rd7 49. Ne3 Nd3+ 50. Bxd3 Rxd3 51. Rb3 Nxc5 52. Rxc5 Rxa2+ 53. Rc2
Rxc2+ 54. Nxc2 Rd2+ 55. Kf1 Rxc2 56. Rxb7 Ke5 57. Rd7 Kxe4 58. Re7+ Kd5 59. Rh7
c5 60. Rxh5+ Kd4 61. Rg5 c4 62. h5 c3 63. Rg8 Rh2 64. Rd8+ Ke5 65. Re8+ Kd6 66.
Rc8 c2 67. Kg1 Rd2 0-1

[Event "17th Dubai Chess Open"]
[Site "Dubai UAE"]
[Date "2015.04.11"]
[Round "6.38"]
[White "Ahmad, Al Khatib"]
[Black "Vignesh, NR"]
[Result "0-1"]
[WhiteElo "2170"]
[BlackElo "2365"]
[WhiteFideId "8103178"]
[BlackFideId "25012215"]
[EventDate "2015.04.06"]

1. d4 Nf6 2. Nf3 d5 3. Bg5 Ne4 4. Bf4 c5 5. e3 Nc6 6. c3 Qb6 7. Qb3 c4 8. Qxb6
axb6 9. Nbd2 Nxd2 10. Nxd2 b5 11. e4 e6 12. Be2 b4 13. Bf3 Ra5 14. O-O Kd7 15.
Rfe1 Bd6 16. Bxd6 Kxd6 17. Nf1 Bd7 18. Ne3 Rha8 19. a3 bxc3 20. bxc3 R8a7 21. h4
g6 22. g3 Rb5 23. Kg2 Ne7 24. Reb1 Rba5 25. h5 Bc6 26. exd5 exd5 27. Nc2 Ba4 28.
Nb4 Bd7 29. Nc2 Bf5 30. Rb2 Bxc2 31. Rxc2 Rxa3 32. Rb1 Nc6 33. Rb5 R3a5 34. Rcb2
Rxb5 35. Rxb5 Ne7 36. Rb6+ Kd7 37. g4 Nc8 38. Rb5 Nd6 39. Rxd5 Ra3 40. Kg3 Rxc3
41. hxg6 hxg6 42. g5 b5 43. Kf4 b4 44. Bg4+ Kc7 45. Ke5 b3 46. Rc5+ Kb6 47. Kxd6
b2 48. Rc6+ Ka5 49. Rc8 Rb3 50. Kc5 Rb5+ 51. Kxc4 b1=Q 52. Ra8+ Kb6 53. Rb8+ Ka6
54. Bc8+ Ka5 55. Ra8+ Kb6 56. Rb8+ Kc7 57. Rxb5 Qc2+ 58. Kd5 Qc6+ 0-1

[Event "17th Dubai Chess Open"]
[Site "Dubai UAE"]
[Date "2015.04.11"]
[Round "6.39"]
[White "Visakh, NR"]
[Black "Abdulla, Khayala"]
[Result "1-0"]
[BlackTitle "WIM"]
[WhiteElo "2389"]
[BlackElo "2255"]
[WhiteFideId "25012223"]
[BlackFideId "13401807"]
[EventDate "2015.04.06"]

1. d4 Nf6 2. Nf3 e6 3. c4 b6 4. g3 Ba6 5. b3 Bb4+ 6. Bd2 Be7 7. Bg2 c6 8. Bc3 d5
9. Nbd2 Nbd7 10. O-O O-O 11. Re1 Rc8 12. e4 dxe4 13. Nxe4 Nxe4 14. Rxe4 Nf6 15.
Re1 c5 16. Qe2 Nd5 17. Bb2 Bf6 18. Rad1 Qc7 19. Qd2 Ne7 20. d5 exd5 21. Bxf6
gxf6 22. Nh4 dxc4 23. Qh6 Rfd8 24. Be4 f5 25. Nxf5 1-0

[Event "17th Dubai Chess Open"]
[Site "Dubai UAE"]
[Date "2015.04.11"]
[Round "6.40"]
[White "Tissir, Mohamed"]
[Black "Tabada, Jobannie C."]
[Result "1-0"]
[WhiteTitle "IM"]
[WhiteElo "2359"]
[BlackElo "2238"]
[WhiteFideId "9000240"]
[BlackFideId "5206073"]
[EventDate "2015.04.06"]

1. e4 c5 2. Nc3 Nc6 3. Bb5 Nd4 4. Bc4 g6 5. Nf3 Bg7 6. O-O d6 7. Nxd4 cxd4 8.
Qf3 e6 9. Ne2 Ne7 10. c3 O-O 11. Nxd4 d5 12. exd5 exd5 13. Bb3 Bxd4 14. cxd4 Be6
15. d3 Nf5 16. Be3 a5 17. Rac1 a4 18. Bd1 Qb6 19. b3 a3 20. Qf4 Rfc8 21. Bg4 Ng7
22. h3 h5 23. Bxe6 Qxe6 24. Qe5 Rc6 25. Rxc6 bxc6 26. Rc1 Qd7 27. Qf6 Ra6 28.
Bf4 Ne8 29. Qg5 Ra7 30. Re1 Ng7 31. Be5 Qe6 32. Re3 Qf5 33. Qd8+ Kh7 34. Rf3 Qe6
35. Qf8 f5 36. Re3 Qf7 37. Qb8 Qb7 38. Qd8 Qf7 39. Qb6 Qd7 40. Re1 Qb7 41. Qc5
Qd7 42. Rc1 Ra6 43. Qb4 Ne6 44. Qb8 Ng7 45. f4 Ne8 46. Kh2 Kg8 47. b4 Kf7 48. b5
cxb5 49. Rc8 Re6 50. Rd8 Qc6 51. Qa7+ Re7 52. Qxa3 h4 53. Qb2 Rb7 54. Qf2 g5 55.
fxg5 Kg6 56. Qxh4 Rh7 57. Qf4 Ra7 58. Qh4 Rh7 59. Qe1 Ra7 60. Bb8 Kf7 61. Rxe8 1-0

[Event "17th Dubai Chess Open"]
[Site "Dubai UAE"]
[Date "2015.04.12"]
[Round "7.1"]
[White "Solak, Dragan"]
[Black "Howell, David W L"]
[Result "1/2-1/2"]
[WhiteTitle "GM"]
[BlackTitle "GM"]
[WhiteElo "2607"]
[BlackElo "2686"]
[WhiteFideId "916811"]
[BlackFideId "410608"]
[EventDate "2015.04.06"]

1. e4 e5 2. Nf3 Nc6 3. Bb5 Nf6 4. O-O Nxe4 5. Re1 Nd6 6. Nxe5 Be7 7. Bf1 Nf5 8.
c3 Nxe5 9. Rxe5 d6 10. Re1 O-O 11. d4 d5 12. Bd3 Bd6 13. g3 Re8 14. Rxe8+ Qxe8
15. Nd2 c6 16. Nf3 f6 17. Bd2 Bd7 18. Ne1 Qf7 19. Qf3 g6 20. Ng2 Re8 21. Re1
Rxe1+ 22. Nxe1 Ng7 23. Bf4 Qe7 24. Ng2 Bf5 25. Bxd6 Qxd6 26. Bxf5 Nxf5 27. Ne3
Nxe3 28. Qxe3 Kf7 29. Qh6 Kg8 30. Qe3 Kf7 1/2-1/2

[Event "17th Dubai Chess Open"]
[Site "Dubai UAE"]
[Date "2015.04.12"]
[Round "7.2"]
[White "Fedoseev, Vladimir3"]
[Black "Vocaturo, Daniele"]
[Result "1-0"]
[WhiteTitle "GM"]
[BlackTitle "GM"]
[WhiteElo "2674"]
[BlackElo "2579"]
[WhiteFideId "24130737"]
[BlackFideId "813192"]
[EventDate "2015.04.06"]

1. d4 Nf6 2. c4 g6 3. Nc3 Bg7 4. e4 d6 5. Nf3 O-O 6. Be2 e5 7. O-O Nc6 8. d5 Ne7
9. Bd2 Ne8 10. Qb3 h6 11. Ne1 c5 12. Qa3 f5 13. b4 b6 14. bxc5 dxc5 15. Qc1 g5
16. exf5 Nxf5 17. Nc2 Ned6 18. Ne3 e4 19. Rb1 Be5 20. Nxf5 Bxf5 21. Rb3 Bg6 22.
Nb5 Nf5 23. Bg4 Nd4 24. Nxd4 cxd4 25. h4 Bf4 26. Be6+ Kh7 27. Bxf4 gxf4 28. c5
e3 29. Qc4 bxc5 30. Qxc5 exf2+ 31. Rxf2 Qf6 32. Rb4 Qxh4 33. Qc7+ Kh8 34. Rb7
Qf6 35. Rxf4 1-0

[Event "17th Dubai Chess Open"]
[Site "Dubai UAE"]
[Date "2015.04.12"]
[Round "7.3"]
[White "Shabalov, Alexander"]
[Black "Istratescu, Andrei"]
[Result "1-0"]
[WhiteTitle "GM"]
[BlackTitle "GM"]
[WhiteElo "2511"]
[BlackElo "2630"]
[WhiteFideId "2008572"]
[BlackFideId "1200372"]
[EventDate "2015.04.06"]

1. d4 d5 2. c4 c6 3. Nf3 Nf6 4. Nbd2 Bf5 5. Nh4 Be6 6. e3 g6 7. b3 Bg7 8. Bb2
O-O 9. Bd3 c5 10. Nhf3 cxd4 11. Nxd4 Bg4 12. f3 e5 13. Nb5 a6 14. fxg4 axb5 15.
g5 Ne8 16. cxd5 Qxd5 17. Ne4 Nd6 18. Bc2 Qxd1+ 19. Kxd1 Nxe4 20. Bxe4 Na6 21.
Rc1 Ra7 22. a3 b4 23. Ke2 Re8 24. axb4 Nxb4 25. Ra1 Rea8 26. Bxb7 Rxa1 27. Rxa1
Rxa1 28. Bxa1 f5 29. gxf6 Bxf6 30. Bc3 Na2 31. Bd2 Be7 32. Kd3 Kf7 33. Kc4 Ba3
34. b4 Ke6 35. Kb3 Bc1 36. Bxc1 Nxc1+ 37. Kc4 h5 38. h4 Ne2 39. Be4 Kf6 40. b5
Ng3 41. Kd5 1-0

[Event "17th Dubai Chess Open"]
[Site "Dubai UAE"]
[Date "2015.04.12"]
[Round "7.4"]
[White "Grandelius, Nils"]
[Black "Solodovnichenko, Yuri"]
[Result "1/2-1/2"]
[WhiteTitle "GM"]
[BlackTitle "GM"]
[WhiteElo "2603"]
[BlackElo "2584"]
[WhiteFideId "1710400"]
[BlackFideId "14104369"]
[EventDate "2015.04.06"]

1. d4 d5 2. c4 c6 3. Nf3 Nf6 4. Nc3 e6 5. Bg5 dxc4 6. e4 b5 7. e5 h6 8. Bh4 g5
9. Bg3 Nd5 10. h4 gxh4 11. Bxh4 Qa5 12. Rc1 c5 13. Be2 Bb7 14. Qd2 Nd7 15. O-O
Nxc3 16. bxc3 Rg8 17. Rfd1 Rg4 18. g3 Bd5 19. a4 a6 20. axb5 axb5 21. Ne1 Rxh4
22. gxh4 cxd4 23. Qxd4 Bg7 24. Bf3 Nxe5 25. Bxd5 Nf3+ 26. Nxf3 Bxd4 27. Bc6+ Ke7
28. Nxd4 Rg8+ 29. Kf1 Qc7 30. Bxb5 Kf6 31. Bc6 Rg4 32. Bf3 Rxh4 33. Re1 e5 34.
Nc2 Qd7 35. Ne3 Qd3+ 36. Kg1 Kg7 37. Rcd1 Qg6+ 38. Bg2 Rf4 39. Rd5 Qf6 40. Re2
h5 41. Nf1 Rf5 42. Ng3 Rg5 43. Re4 Qb6 44. Kf1 Qb1+ 45. Re1 Qg6 46. Rexe5 Rxe5
47. Rxe5 Qb1+ 48. Re1 Qd3+ 49. Re2 h4 50. Be4 Qxc3 51. Nf5+ Kf6 52. Ne3 Qd4 53.
Nd5+ Kg7 54. Re3 h3 55. Nc3 Qd7 56. Kg1 f5 57. Bf3 Qd6 58. Bd5 h2+ 59. Kh1 f4
60. Rf3 Qh6 61. Bxc4 Qg6 62. Kxh2 Qh5+ 63. Rh3 Qc5 64. Bd5 Qxf2+ 65. Bg2 Kg6 66.
Rf3 Qh4+ 67. Bh3 Qe1 68. Bg2 Qh4+ 69. Kg1 Qe1+ 70. Bf1 Kg5 71. Ne2 Qd2 72. Kf2
Qb2 73. Bh3 Qb6+ 74. Kg2 Qb2 75. Rf2 Qb7+ 76. Kg1 Qb1+ 77. Bf1 Qe4 78. Bg2 Qb1+
79. Rf1 Qb6+ 80. Rf2 Qb1+ 81. Kh2 Qh7+ 82. Bh3 Qe4 83. Ng1 Kf6 84. Nf3 Qg6 85.
Bg2 Qh7+ 86. Kg1 Qa7 87. Bf1 Qg7+ 88. Bg2 Qa7 89. Kf1 Qa1+ 90. Ne1 Qa6+ 91. Kg1
Qa7 92. Bf1 Kg5 93. Be2 Qe3 94. Kf1 Qh3+ 95. Rg2+ Kf6 96. Nd3 f3 97. Bxf3 Qxf3+
98. Rf2 Qxf2+ 99. Nxf2 Ke5 1/2-1/2

[Event "17th Dubai Chess Open"]
[Site "Dubai UAE"]
[Date "2015.04.12"]
[Round "7.5"]
[White "Guseinov, Gadir"]
[Black "Kovalenko, Igor"]
[Result "1-0"]
[WhiteTitle "GM"]
[BlackTitle "GM"]
[WhiteElo "2614"]
[BlackElo "2661"]
[WhiteFideId "13401378"]
[BlackFideId "14117908"]
[EventDate "2015.04.06"]

1. e4 c6 2. d4 d5 3. Nd2 dxe4 4. Nxe4 Bf5 5. Ng3 Bg6 6. h4 h6 7. Nf3 Nd7 8. h5
Bh7 9. Bd3 Bxd3 10. Qxd3 e6 11. Bd2 Ngf6 12. O-O-O Be7 13. Ne4 Nxe4 14. Qxe4 Nf6
15. Qd3 a5 16. Ne5 Nd5 17. a3 Bd6 18. c4 Ne7 19. Qe4 Rc8 20. g4 b5 21. c5 Bxe5
22. Qxe5 Rg8 23. f4 Qd5 24. Bxa5 Ra8 25. Bc3 f6 26. Qe2 Kd7 27. Rhe1 Rge8 28.
Kb1 Qc4 29. Qxc4 bxc4 30. Rc1 Nd5 31. Bd2 Ra4 32. f5 Re7 33. Rc2 Re8 34. Bc1 Re7
35. Rce2 exf5 36. gxf5 Ra8 37. Kc2 Rae8 38. Rxe7+ Rxe7 39. Rxe7+ Kxe7 40. b3
cxb3+ 41. Kxb3 Kd7 42. Kc4 Kc7 43. Kd3 Kb7 44. Ke4 Nc3+ 45. Kf3 Nb5 46. Bf4 Nxa3
47. Bd6 Kc8 48. Bf8 Kd8 49. Bxg7 Ke7 50. Bxh6 Nc2 51. Ke4 Nb4 52. Bd2 Nd5 53.
Kd3 Kf7 54. Kc4 Ne7 55. Kb4 Nxf5 56. d5 cxd5 57. c6 d4 58. c7 Ne7 59. Kc5 Ke6
60. Kb6 Ke5 61. h6 1-0

[Event "17th Dubai Chess Open"]
[Site "Dubai UAE"]
[Date "2015.04.12"]
[Round "7.6"]
[White "Petrosian, Tigran L."]
[Black "Mchedlishvili, Mikheil"]
[Result "1/2-1/2"]
[WhiteTitle "GM"]
[BlackTitle "GM"]
[WhiteElo "2671"]
[BlackElo "2586"]
[WhiteFideId "13301616"]
[BlackFideId "13600966"]
[EventDate "2015.04.06"]

1. Nf3 d5 2. g3 g6 3. d4 Bg7 4. c4 c6 5. cxd5 cxd5 6. Nc3 Nc6 7. Bg2 e6 8. h4 h6
9. Bf4 Nge7 10. Qd2 Qb6 11. Rd1 Nf5 12. e4 dxe4 13. Nxe4 O-O 14. g4 Nfxd4 15.
Nxd4 Nxd4 16. Bxh6 e5 17. Qg5 Bxh6 18. Qxh6 Rd8 19. O-O Bxg4 20. Rd2 Nf3+ 21.
Bxf3 Bxf3 22. Ng5 Qf6 23. Qh7+ Kf8 24. Nxf3 Ke7 25. Rxd8 Rxd8 26. Ng5 Rh8 27.
Qxf7+ Qxf7 28. Nxf7 Kxf7 29. Rc1 Rxh4 30. Rc7+ Kf6 31. Rxb7 a5 1/2-1/2

[Event "17th Dubai Chess Open"]
[Site "Dubai UAE"]
[Date "2015.04.12"]
[Round "7.7"]
[White "Ivanisevic, Ivan"]
[Black "Banusz, Tamas"]
[Result "1/2-1/2"]
[WhiteTitle "GM"]
[BlackTitle "GM"]
[WhiteElo "2638"]
[BlackElo "2585"]
[WhiteFideId "912417"]
[BlackFideId "722413"]
[EventDate "2015.04.06"]

1. d4 d5 2. c4 e6 3. Nc3 Nf6 4. cxd5 exd5 5. Bg5 c6 6. e3 Be7 7. Bd3 Nbd7 8.
Nge2 Nh5 9. Bxe7 Qxe7 10. g4 Nhf6 11. Ng3 g6 12. g5 Ng8 13. h4 Nb6 14. a4 a5 15.
h5 Qxg5 16. hxg6 fxg6 17. Qb3 Nd7 18. O-O-O Ne7 19. Rdg1 Qf6 20. Nce4 dxe4 21.
Nxe4 Qg7 22. Nd6+ Kf8 23. Rg3 Nf6 24. e4 h5 25. Rhg1 Bg4 26. Qxb7 Rd8 27. Qc7
Ra8 28. Qb7 Rd8 29. Qc7 Ra8 30. Qb7 1/2-1/2

[Event "17th Dubai Chess Open"]
[Site "Dubai UAE"]
[Date "2015.04.12"]
[Round "7.8"]
[White "Papp, Gabor1"]
[Black "Safarli, Eltaj"]
[Result "0-1"]
[WhiteTitle "GM"]
[BlackTitle "GM"]
[WhiteElo "2575"]
[BlackElo "2641"]
[WhiteFideId "718602"]
[BlackFideId "13402129"]
[EventDate "2015.04.06"]

1. e4 c6 2. Nc3 d5 3. Nf3 Bg4 4. h3 Bxf3 5. Qxf3 Nf6 6. d3 e6 7. Qg3 Na6 8. Be2
g6 9. O-O Bg7 10. Bg5 Qb6 11. Rab1 O-O 12. Kh1 Nd7 13. a3 Qc5 14. Bd2 b5 15. Bd1
f5 16. b4 f4 17. bxc5 fxg3 18. f4 Naxc5 19. exd5 exd5 20. Ne2 a5 21. Nxg3 a4 22.
Bb4 Rf7 23. Bg4 h5 24. Bd1 Na6 25. Bd6 h4 26. Ne2 Re8 27. c4 dxc4 28. dxc4 Rf6
29. cxb5 cxb5 30. Bb4 Rfe6 31. Bc3 Rxe2 32. Bxe2 Rxe2 33. Bxg7 Kxg7 34. Rxb5
Nac5 35. Rc1 Re3 36. Rbxc5 Nxc5 37. Rxc5 Rxa3 38. Kg1 Kf6 39. Ra5 Ra2 40. Kf1 a3
41. Kg1 Ke6 42. Kf1 Kd6 43. Kg1 Kc6 44. Kh2 Kb6 45. Rg5 Rf2 46. Rxg6+ Kb5 47.
Rg8 Rxf4 48. Rb8+ Ka4 49. g3 Rf2+ 50. Kg1 hxg3 51. Ra8+ Kb3 52. Rg8 Rc2 53.
Rxg3+ Kb2 54. Rg8 a2 55. Rb8+ Kc1 56. Ra8 Kb1 0-1

[Event "17th Dubai Chess Open"]
[Site "Dubai UAE"]
[Date "2015.04.12"]
[Round "7.9"]
[White "Iturrizaga Bonelli, Eduardo"]
[Black "Mammadov, Zaur"]
[Result "0-1"]
[WhiteTitle "GM"]
[BlackTitle "IM"]
[WhiteElo "2630"]
[BlackElo "2470"]
[WhiteFideId "3901211"]
[BlackFideId "13401033"]
[EventDate "2015.04.06"]

1. c4 c6 2. Nf3 d5 3. d4 Nf6 4. Qb3 dxc4 5. Qxc4 Bf5 6. g3 e6 7. Bg2 Nbd7 8. O-O
Be7 9. e3 O-O 10. Rd1 Qc7 11. Nc3 Rad8 12. Qe2 e5 13. h3 Bg6 14. e4 Bd6 15. Bg5
exd4 16. Nxd4 h6 17. Be3 Bb4 18. Rac1 Nc5 19. Ncb5 cxb5 20. a3 Qe7 21. axb4
Ncxe4 22. Nxb5 Qxb4 23. Nxa7 Nd5 24. Rc4 Qxc4 25. Qxc4 Nxe3 26. Rxd8 Nxc4 27.
Rd4 Ncd2 28. f3 Nb3 0-1

[Event "17th Dubai Chess Open"]
[Site "Dubai UAE"]
[Date "2015.04.12"]
[Round "7.10"]
[White "Rathnakaran, K."]
[Black "Rakhmanov, Aleksandr"]
[Result "1/2-1/2"]
[WhiteTitle "IM"]
[BlackTitle "GM"]
[WhiteElo "2411"]
[BlackElo "2639"]
[WhiteFideId "5005507"]
[BlackFideId "4173708"]
[EventDate "2015.04.06"]

1. e4 d5 2. exd5 Qxd5 3. Nc3 Qd6 4. d4 Nf6 5. Bc4 a6 6. Bb3 e6 7. Nge2 b5 8. Bf4
Qd8 9. d5 c5 10. dxc6 Qxd1+ 11. Rxd1 Nxc6 12. O-O Bb7 13. Rfe1 Na5 14. Nd4 Nxb3
15. Nxb3 Bb4 16. Bd6 Bxc3 17. bxc3 O-O-O 18. c4 Ne4 19. Bb4 bxc4 20. Na5 Rxd1
21. Rxd1 Bd5 22. Rd4 c3 23. f3 Nf6 24. a3 Kd7 25. Nc4 Rb8 26. Bxc3 Ke8 27. Ne3
Rc8 28. Bb4 h6 29. Kf2 g5 30. h4 Ba2 31. hxg5 hxg5 32. c4 Nd7 33. Rd6 Bxc4 34.
Nxc4 Rxc4 35. Rxa6 Ne5 36. Ke3 Nc6 37. Bd2 Kd7 38. Rb6 f5 39. Rb2 Kd6 40. Ra2
Ra4 41. Kd3 f4 42. Bc3 e5 43. Kc2 g4 44. Kb3 Ra8 45. a4 gxf3 46. gxf3 Kc5 47.
Re2 Rb8+ 48. Kc2 Nd4+ 49. Bxd4+ exd4 50. Re4 Kc4 51. Rxf4 Rh8 52. Rf7 Rh2+ 53.
Kb1 Rh1+ 54. Kc2 Rh2+ 55. Kb1 Kd3 56. a5 Rh6 57. Kb2 Ke3 58. Re7+ Kxf3 59. Kc2 1/2-1/2

[Event "17th Dubai Chess Open"]
[Site "Dubai UAE"]
[Date "2015.04.12"]
[Round "7.11"]
[White "Idani, Pouya"]
[Black "Kuzubov, Yuriy"]
[Result "0-1"]
[WhiteTitle "GM"]
[BlackTitle "GM"]
[WhiteElo "2496"]
[BlackElo "2667"]
[WhiteFideId "12510130"]
[BlackFideId "14112906"]
[EventDate "2015.04.06"]

1. e4 c5 2. Nf3 d6 3. d4 cxd4 4. Nxd4 Nf6 5. Nc3 a6 6. Be3 e5 7. Nb3 Be6 8. f3
h5 9. Qd2 Nbd7 10. a4 Qc7 11. Be2 Be7 12. O-O O-O 13. a5 Rac8 14. Rfc1 Rfe8 15.
Nd5 Bxd5 16. exd5 Nc5 17. Nxc5 dxc5 18. c4 Bd6 19. b4 Qe7 20. b5 e4 21. f4 axb5
22. cxb5 c4 23. Rxc4 Rxc4 24. Bxc4 Ng4 25. Bd4 e3 26. Qe2 Qe4 27. Bb6 Bxf4 28.
g3 Nf2 0-1

[Event "17th Dubai Chess Open"]
[Site "Dubai UAE"]
[Date "2015.04.12"]
[Round "7.12"]
[White "Zhigalko, Sergei"]
[Black "Hayrapetyan, Hovik"]
[Result "1-0"]
[WhiteTitle "GM"]
[BlackTitle "GM"]
[WhiteElo "2675"]
[BlackElo "2465"]
[WhiteFideId "13502956"]
[BlackFideId "13302639"]
[EventDate "2015.04.06"]

1. e4 c5 2. Nf3 e6 3. c3 Nf6 4. e5 Nd5 5. Bc4 d6 6. d4 cxd4 7. cxd4 Be7 8. O-O
O-O 9. Bd2 b6 10. Qe2 Bb7 11. Nc3 Nxc3 12. Bxc3 dxe5 13. dxe5 Nd7 14. Nd4 Qc7
15. Rfe1 Rac8 16. Bd3 Rfd8 17. Qg4 Nf8 18. Nb5 Qb8 19. Nd6 Bxd6 20. exd6 Ng6 21.
Bxg6 hxg6 22. Qd4 Rxc3 23. Qxc3 Qxd6 24. a3 a5 25. Rac1 a4 26. Qc7 Qd5 27. f3
Qd4+ 28. Kh1 Rd7 29. Qc2 Qf4 30. Red1 Rd5 31. Rxd5 Bxd5 32. Qc7 Qd4 33. h3 f6
34. Qc3 Qf4 35. Rd1 b5 36. Qd3 Qg3 37. Qxb5 Kh7 38. Rf1 Bb3 39. Qb4 f5 40. Qe1
Qf4 41. Qc1 Qg3 42. Qe3 g5 43. Qf2 Qf4 44. Re1 Kg6 45. Kg1 Qd6 46. Qe3 Kf6 47.
Rc1 Kg6 48. Kh1 Bd5 49. Rd1 Qc6 50. Qc3 Qa6 51. Rd4 Qb5 52. Qd2 Qc6 53. Rb4 Qa6
54. Qd1 Bb3 55. Qd4 Qc6 56. Qc3 Qd5 57. Rd4 Qe5 58. Rd7 Qf6 59. Qxf6+ gxf6 60.
Rb7 Bc2 61. Rc7 Bd1 62. Rc1 Bb3 63. Rc3 Bd5 64. Kg1 e5 65. Kf2 e4 66. Rc5 Bb3
67. fxe4 fxe4 68. g4 1-0

[Event "17th Dubai Chess Open"]
[Site "Dubai UAE"]
[Date "2015.04.12"]
[Round "7.13"]
[White "Pascua, Haridas"]
[Black "Bartel, Mateusz"]
[Result "1/2-1/2"]
[WhiteTitle "IM"]
[BlackTitle "GM"]
[WhiteElo "2423"]
[BlackElo "2627"]
[WhiteFideId "5203953"]
[BlackFideId "1112635"]
[EventDate "2015.04.06"]

1. d4 f5 2. c4 Nf6 3. Nf3 g6 4. g3 Bg7 5. Bg2 O-O 6. O-O d6 7. b3 c6 8. Bb2 Na6
9. Nc3 Qc7 10. d5 e5 11. dxe6 Nc5 12. Qc2 Bxe6 13. Ng5 Rae8 14. Nxe6 Rxe6 15.
Rad1 a5 16. e3 Ng4 17. h3 Nf6 18. Ne2 Nfe4 19. a3 Bxb2 20. Qxb2 Qg7 21. Qc2 Qe7
22. b4 axb4 23. axb4 Nd7 24. Nf4 Ref6 25. Rd4 Re8 26. Rfd1 Ne5 27. Nd3 Nf7 28.
Nf4 Ne5 29. Nd3 Nf7 30. Nf4 Ne5 1/2-1/2

[Event "17th Dubai Chess Open"]
[Site "Dubai UAE"]
[Date "2015.04.12"]
[Round "7.14"]
[White "Harutyunian, Tigran K."]
[Black "Perunovic, Milos"]
[Result "0-1"]
[WhiteTitle "IM"]
[BlackTitle "GM"]
[WhiteElo "2445"]
[BlackElo "2632"]
[WhiteFideId "13303635"]
[BlackFideId "921629"]
[EventDate "2015.04.06"]

1. c4 c5 2. g3 Nf6 3. Bg2 d5 4. cxd5 Nxd5 5. Nc3 Nc7 6. Nf3 Nc6 7. O-O e5 8. a3
Rb8 9. d3 Be7 10. Nd2 O-O 11. Nc4 f6 12. f4 exf4 13. Bxf4 Kh8 14. a4 Ra8 15. a5
Ne6 16. a6 Nxf4 17. Rxf4 Rb8 18. axb7 Bxb7 19. Qf1 Bd6 20. Rh4 h6 21. Qf5 Nd4
22. Qg6 Bxg2 23. Kxg2 Rb7 24. Ra6 Be7 25. Ne5 Rxb2 26. Qe4 Kg8 27. Ng6 Re8 28.
Rxa7 Bf8 29. Rxh6 gxh6 30. Qg4 Bg7 31. Rxg7+ Kxg7 32. Nf4+ Kf8 33. Qh5 Qc7 34.
Ne4 Re5 35. Ng6+ Kg7 36. Nxe5 Qxe5 37. Qg4+ Kf8 38. Qc8+ Ke7 39. Qg8 Rxe2+ 40.
Kh1 f5 41. Qh7+ Kd8 42. Qg8+ Kc7 43. Qf7+ Kc6 44. Nc3 Rc2 45. Qg6+ Qe6 0-1